000 00430nam a2200193Ia 4500
005 20240823040554.0
008 240823s9999||||xx |||||||||||||| ||und||
020 _a978-81-237-4374-5
041 _aENGLISH
082 _A523.8 Q2
100 _aJayant Narlikar
245 0 _aBlack Holes
250 _a1st
260 _c2012
_bNational Book
500 _aYES
650 _aGeneral
_bGeneral
942 _cBK
999 _c203431
_d203431